| 000 | 01834cam a22004454i 4500 | ||
|---|---|---|---|
| 003 | PE-LiUPU | ||
| 005 | 20250731173201.0 | ||
| 008 | 150625s r 000 0 d | ||
| 035 | _a(Sirsi) a30209 | ||
| 040 |
_aPE-LiUPU _bspa _cPE-LiUPU _erda |
||
| 082 | 0 | 4 |
_a205 _bAB _221 |
| 100 | 1 |
_aSchnackenburg, Rudolf, _eautor. |
|
| 245 | 1 | 0 |
_aReino y Reinado de Dios : _bEstudio Biblico Teologico / _cRudolf Schnackenburg. |
| 250 | _a3a | ||
| 264 | 1 |
_aMadrid : _bEdiciones Fax, _c1974. |
|
| 300 |
_a363 páginas ; _c21 cm. |
||
| 336 |
_atext _2rdacontent |
||
| 337 |
_aunmediated _2rdamedia |
||
| 338 |
_avolume _2rdacarrier |
||
| 490 | 0 |
_aActualidad Bíblica ; _v3 |
|
| 505 | 0 | _aEl antiguo testamento. -El Judaismo tardio. -El reino de Dios predicado por Jesus. Caracteristicas generales. -La presencia del reino escatologico de Dios en la obra de Jesus. -La llegada del reino pleno de Dios. -El reino de Dios y la comunidad salfifica de Jesus. -La comprension del reino de Dios en la comunidad posterior a la Pascua. -Reino de Dios y reino de Cristo en San PAblo. -El reino de Dios en los escritos tardios del nuevo testamento. | |
| 526 | _aSEG42 | ||
| 526 | _aSEG41 | ||
| 526 | _aSEG40 | ||
| 526 | _aSEG39 | ||
| 526 | _aP94 | ||
| 526 | _aP87 | ||
| 526 | _aP86 | ||
| 526 | _aP85 | ||
| 526 | _aP77 | ||
| 526 | _aP76 | ||
| 526 | _aP35 | ||
| 650 | 0 | 4 |
_aTeología bíblica. _91347 |
| 910 | _a | ||
| 942 |
_2ddc _cBOOK |
||
| 949 |
_a205 AB 3 _wDEWEY _c1 _i37222 _lCCODEBUL1 _mBUL _p00.00 _r0 _sY _tBOOK _u2015-06-25 _xBIBLIOTECA _zUNKNOWN _0COMPRA _o.STAFF. Colección General |
||
| 596 | _a1 | ||
| 999 |
_a205 AB 3 _wDEWEY _c37640 _i37222 _d37640 _e2022-6-8 _f2021-11-11 _g5 _lCCODEBUL1 _mBUL _n2 _r0 _sY _tBOOK _u2015-6-25 _xTEOLOGIA _zUNKNOWN _0COMPRA _o.STAFF. Colección General |
||
| 980 |
_81 _gALBERTO SANCHEZ Responsable de Automatización |
||